| 000 | 00577nam a2200205 i 4500 | ||
|---|---|---|---|
| 001 | 42773 | ||
| 003 | ES-MaACL | ||
| 005 | 20250911062638.0 | ||
| 007 | t| | ||
| 008 | 030314s1967 sp ||||1| spa d | ||
| 080 | _a821.134.2-31"19" | ||
| 100 | 1 |
_aCela, Camilo José, _d1916-2002 _937336 |
|
| 245 | 1 | 3 |
_aLa familia de Pascual Duarte / _cCamilo José Cela. |
| 260 |
_aBarcelona : _bDestino, _c[1967] |
||
| 300 |
_a186 p. ; _c19 cm. |
||
| 490 | 1 |
_aÁncora y delfín ; _v63 |
|
| 830 | 1 | 0 |
_aÁncora y Delfín _v63 _9151298 |
| 852 | 4 |
_aES-MaACL _jC-51232 |
|
| 999 |
_c42773 _d42773 |
||